Prénoms de stars célèbres - Série 18 - Statistiques

Statistiques générales
  • Ce quiz a été pris 226 fois
  • Le résultat moyen est 6 sur 10
Statistiques - réponses
Nom Prénom % Correct
Cassel Vincent
97%
Brasseur Claude
91%
Brialy Jean-Claude
63%
Coluche Michel
63%
Brasseur Pierre
57%
Cremer Bruno
54%
Cowl Darry
51%
Cassel Jean-Pierre
46%
Almaric Mathieu
43%
Brasseur Alexandre
31%
Aucun quiz correspondant
Distribution des résultats
% des personnes avec chaque résultat
Percentile par nombre de réponses
Votre historique - résultats
Vous n’avez pas pris ce quiz